US States with the Lowest Percentage of Justin Bieber Fans - Statistics

General Stats
  • This quiz has been taken 309 times
  • The average score is 6 of 10
Answer Stats
Ranking Answer % Correct
8 Montana
70%
3 Alaska
69%
1 Washington
65%
7 Hawaii
64%
9 Wyoming
60%
2 Oregon
58%
4 Vermont
55%
10 New Hampshire
49%
6 Colorado
46%
5 Virginia
36%
No matching quizzes found
Score Distribution
Percent of People with Each Score
Percentile by Number Answered
Your Score History
You have not taken this quiz